01111nam a2200265Ia 4500003000900000008004100009020001800050040001600068080002200084111007600106245021200182260006100394300001500455490003400470650002100504650002900525650002900554700001800583700002700601700002800628710004900656942000700705999001700712952011600729IN-BaIIA211028s9999 xx 000 0 eng d a1-58381-131-1 cIIA Library a082.2:52bASP-288 aWorkshop on Stellar Atmosphere ModelingcGermanyd2002 Apr. 8-12928974 0aStellar atmosphere modelingbproceedings of an International workshop held in Tubingen, Germany, 8-12 Apr 2002cedited by I. Hubeny, D. Mihalas and K. Werner  aSan FranciscobAstronomical Society of the Pacificc2003 axxv, 697p. aASP conference series; v. 288 aCool stars95425 aRadiative transfer91568 aStellar atmosphere91661 a., ed.928975 aHubeny, I., ed.917719 aMihalas, D., ed.912798 aAstronomical Society of the PacificĀ 922919 cBK c15717d15717 00104070aBANbBANcGENd2004-08-21eASP l0o082.2:52/ ASP-288p16639r2021-11-05w2004-08-21yBK 57.00